Sindrome de burnout y factores asociados en profesionales de las instituciones de socorro en cartagena de indias para el primer periodo del 2018. / (Registro nro. 2869)
[ vista simple ]
| 000 -LEADER | |
|---|---|
| fixed length control field | 01428nam a2200229 4500 |
| 001 - CONTROL NUMBER | |
| control field | 0000010940 |
| 005 - DATE AND TIME OF LATEST TRANSACTION | |
| control field | 20250329165413.0 |
| 008 - FIXED-LENGTH DATA ELEMENTS--GENERAL INFORMATION | |
| fixed length control field | 180709s2018 000 0 eng d |
| 040 ## - CATALOGING SOURCE | |
| Original cataloging agency | CO-CtgCURN |
| Language of cataloging | spa |
| Transcribing agency | coctgcurn |
| 082 0# - DEWEY DECIMAL CLASSIFICATION NUMBER | |
| Classification number | APH 2018 |
| Item number | T275 |
| 100 1# - MAIN ENTRY--PERSONAL NAME | |
| Personal name | Tellez Garce, Deysor. |
| 245 10 - TITLE STATEMENT | |
| Title | Sindrome de burnout y factores asociados en profesionales de las instituciones de socorro en cartagena de indias para el primer periodo del 2018. / |
| Statement of responsibility, etc. | Deysor Tellez Garces; Miguel Carreño Peralta; Investigador Principal: Ing. Ricardo Zabaleta Torres. |
| 260 ## - PUBLICATION, DISTRIBUTION, ETC. | |
| Place of publication, distribution, etc. | Cartagena de Indias : |
| Name of publisher, distributor, etc. | Corporacion Universitaria Rafael Nuñez, |
| Date of publication, distribution, etc. | 2018. |
| 504 ## - BIBLIOGRAPHY, ETC. NOTE | |
| Bibliography, etc. note | Trabajo de grado (Atencion Prehospitalaria). Corporacion Universitaria Rafael Nuñez. Facultad de Ciencias de la salud. Atencion Prehospitalaria, 2018. |
| 520 ## - SUMMARY, ETC. | |
| Summary, etc. | El estres y las enfermedades psicosomaticas son hoy en dia mas frecuentes y afectan la salud de los socorristas, asi como su rendimiento profesional. |
| 650 #0 - SUBJECT ADDED ENTRY--TOPICAL TERM | |
| Topical term or geographic name entry element | Atención prehospitalaria |
| Form subdivision | Tesis y disertaciones academicas. |
| 700 1# - ADDED ENTRY--PERSONAL NAME | |
| Personal name | Carreño Peralta, Miguel. |
| 700 1# - ADDED ENTRY--PERSONAL NAME | |
| Personal name | Zabaleta Torres, Ricardo, |
| Relator term | Investigador. |
| 856 ## - ELECTRONIC LOCATION AND ACCESS | |
| Uniform Resource Identifier | <a href="https://unicurn.sharepoint.com/:b:/s/biblioteca/ES0DnfI013JLpFE0WPryyQYBWxUeh2h_kr9lptnKTTueSA?e=cWPNR2">https://unicurn.sharepoint.com/:b:/s/biblioteca/ES0DnfI013JLpFE0WPryyQYBWxUeh2h_kr9lptnKTTueSA?e=cWPNR2</a> |
| Public note | Click aqui para ver el recurso en texto completo |
| 942 ## - ADDED ENTRY ELEMENTS (KOHA) | |
| Source of classification or shelving scheme | Dewey Decimal Classification |
| Koha item type | Trabajos de grado |
| Classification part | APH 2018 |
| Item part | T275 |
| Withdrawn status | Lost status | Source of classification or shelving scheme | Damaged status | Not for loan | Home library | Current library | Shelving location | Date acquired | Source of acquisition | Cost, normal purchase price | Inventory number | Total checkouts | Full call number | Barcode | Date last seen | Copy number | Price effective from | Koha item type |
|---|---|---|---|---|---|---|---|---|---|---|---|---|---|---|---|---|---|---|
| Dewey Decimal Classification | Miguel Henríquez Emiliani | Miguel Henríquez Emiliani | Trabajo de grado | 03/29/2025 | El autor | 350000.00 | 022221 | APH 2018 T275 | 022221 | 07/09/2018 | 1 | 07/09/2018 | Trabajos de grado |